El hombre y lo divino
Spremljeno u:
| Glavni autor: | |
|---|---|
| Format: | Knjiga |
| Jezik: | španjolski |
| Izdano: |
Ciudad de México
Fondo de Cultura Económica
1973
|
| Izdanje: | 2a. ed |
| Serija: | Breviarios del Fondo de Cultura Económica, 103
|
| Teme: | |
| Oznake: |
Dodaj oznaku
Bez oznaka, Budi prvi tko označuje ovaj zapis!
|
MARC
| LEADER | 00000cam a2200000 a 4500 | ||
|---|---|---|---|
| 001 | UCI9581 | ||
| 003 | CL-VaPUC | ||
| 008 | 081128e19730000MX |||||||||||||||||spa|d | ||
| 020 | |a 9681611241 | ||
| 082 | 0 | 4 | |a 236 |b ZAM |2 21 |
| 100 | |a Zambrano, María |e author |9 421633 | ||
| 245 | 1 | 3 | |a El hombre y lo divino |
| 250 | |a 2a. ed | ||
| 300 | |a 412 p | ||
| 942 | |c BK | ||
| 945 | |d 20081128 00:00:00 |a rbrito | ||
| 260 | |a Ciudad de México |b Fondo de Cultura Económica |c 1973 | ||
| 650 | 0 | |a Filosofía de la religión |9 256017 | |
| 650 | 0 | |a Filosofía griega |9 265579 | |
| 650 | 0 | |a Filosofía antigua |9 255705 | |
| 650 | 7 | |a DIOSES GRIEGOS |2 CL-VaPUC |9 319074 | |
| 650 | 0 | |a Teología |9 258766 | |
| 583 | |a last modification |c 20170404 10:54:29 |k Rodrigo Vera | ||
| 490 | 0 | |a Breviarios del Fondo de Cultura Económica, 103 | |
| 999 | |c 332095 |d 332093 | ||
| 952 | |0 0 |1 0 |4 0 |6 236_000000000000000_ZAM_1973 |7 0 |8 A |9 419470 |a BIBEDU |b BIBEDU |d 2019-11-22 |i 4501489 |o 236 ZAM 1973 |p 4501489 |r 2019-11-22 |w 2019-11-22 |y BK |k FIL | ||
| 952 | |0 0 |1 0 |3 erb |4 0 |6 236_000000000000000_ZAM_1973 |7 0 |8 A |9 419471 |a BIBART |b BIBART |i 5386349 |l 2 |o 236 ZAM 1973 |p 5386349 |r 2025-03-13 |s 2022-07-15 |w 2019-11-22 |y BK |z Catalogado en:20170407 |k ART | ||